000
00205nam a22000857a 4500
008
161111b xxu||||| |||| 00| 0 eng d
100
_9
1134
_a
Maurier.D.D
245
_a
Rebecca
260
_a
New Delhi
_b
S.Chand
_c
2011
999
_c
3795
_d
3795